00699nam a2200241 a 4500001001300000003000900013005001700022008004100039020000900080082002100089100001600110245004600126260004300172300000900215500003500224505001000259650002900269700001600298902000800314942000700322952011300329999001500442nice12345678IN_TiNIC20260116012814.0050524s1985 dela grp 000 0 eng  ac7500a305.6945097bSAR aSarkar, J N aHindu-Muslim Relations in Medieval Bengal aDelhibIdarah-I Adabiyat-I Dellic1985 a109p aincludes index and biblioraphy2 aIndex aIslam-Relations Hinduism1 aSarkar, J N bSRS cBK 00104070aHMIbHMId2007-03-29g75.00l1o305.6945097 SARp012408r2020-06-19s2019-10-04w2026-01-16yEB c8448d8448